|
|
|
|
| LEADER |
00000cam a2200000 a 4500 |
| 001 |
vtls001063322 |
| 003 |
SK-MaSNL |
| 005 |
20260301193329.0 |
| 008 |
240509s1990 xo af jr 000 p slo |
| 015 |
|
|
|a SNBA1990/09
|
| 020 |
|
|
|a 8021702516
|q (brožované)
|
| 035 |
|
|
|a SNK000006151
|
| 035 |
|
|
|a urn:nbn:sk:snk-amlna7
|
| 035 |
|
|
|a urn:nbn:sk:snk-am00bypj
|
| 035 |
|
|
|a 56939D10-9F44-42DF-BF17-67354FB3B62E
|
| 040 |
|
|
|a SNK
|b slo
|c SNK
|e AACR2
|
| 041 |
0 |
|
|a slo
|
| 044 |
|
|
|a xo
|c SK
|
| 072 |
|
7 |
|a 821.162.4-1
|x Slovenská poézia
|2 konspekt
|
| 072 |
|
7 |
|a 821-93
|x Literatúra pre deti a mládež (beletria)
|2 konspekt
|
| 080 |
|
|
|a 821.162.4-1
|2 2011
|
| 080 |
|
|
|a 82-1-053.2
|2 2011
|
| 080 |
|
|
|a 82-93-053.4/.5
|2 2011
|
| 080 |
|
|
|a 793.7
|2 2011
|
| 100 |
1 |
|
|a Tatár, Jozef,
|d 1954-
|4 aut
|9 86031
|
| 245 |
1 |
0 |
|a Nehádaj sa, uhádni
|c Jozef Tatár ; ilustroval Ján Vrabec
|
| 250 |
|
|
|a 1. vyd.
|
| 260 |
|
|
|a Martin
|b Osveta
|c 1990
|
| 300 |
|
|
|a [14] nečíslovaných strán
|b farebné ilustrácie
|c 30 cm
|
| 366 |
|
|
|e 60000 kusov
|
| 521 |
1 |
|
|a Pre deti od 5 rokov
|
| 650 |
0 |
7 |
|a hádanky
|2 SNKPH
|9 1511
|
| 655 |
|
7 |
|a slovenská poézia
|2 SNKPH
|9 70444
|
| 655 |
|
7 |
|a poézia pre deti
|2 SNKPH
|9 86748
|
| 655 |
|
7 |
|a literatúra pre deti
|2 SNKPH
|9 87135
|
| 655 |
|
7 |
|a ilustrované publikácie
|2 SNKPH
|9 109406
|
| 700 |
1 |
|
|a Vrabec, Ján,
|d 1959-
|4 ill
|9 158326
|
| 852 |
|
|
|a Slovenská národná knižnica
|
| 919 |
|
|
|a 80-217-0251-6
|
| 954 |
|
|
|a beletria pôvodná (slovenská)
|2 lita
|
| 954 |
|
|
|a ilustrované knihy, leporelá, komiksy pôvodné (slovenské)
|2 lita
|
| 958 |
|
|
|a EUIPO
|
| 958 |
|
|
|a RK
|
| 958 |
|
|
|a TL
|
| 958 |
|
|
|a DB
|
| 958 |
|
|
|a LX
|
| 958 |
|
|
|a OND
|
| 999 |
|
|
|c 876821
|d 878751
|
| 952 |
|
|
|a SNK
|b SNK
|y VYP
|7 0
|p 17A0149411
|o snkSB 47449 D1
|0 0
|1 0
|4 0
|d 1998-07-14
|l 0
|r 2004-12-31 00:00:00
|w 2026-02-24
|
| 952 |
|
|
|a SNK
|b SNK
|y PREZ
|7 0
|p 17A0873141
|o snkSB 47449
|i snkKSP 9331/90
|0 0
|1 0
|4 0
|d 2012-07-09
|f 1
|l 0
|r 2025-02-13 00:00:00
|w 2026-02-24
|